[Event "FICGS class E 000002 email"]
[Site "FICGS email"]
[Date "2006.04.15"]
[Round "1"]
[White "Max, William"]
[Black "Konuhov, Konstantin"]
[Result "0-1"]
[WhiteElo "1400"]
[BlackElo "1400"]
[PlyCount "34"]
[EventDate "2006.??.??"]
[EventType "tourn (corr)"]
[EventRounds "5"]
[SourceTitle "Corr 2022"]
[Source "ChessBase"]
[SourceDate "2021.10.24"]
[SourceVersion "1"]
[SourceVersionDate "2021.10.24"]
[SourceQuality "1"]

1. c4 e5 2. g3 Bc5 3. Bg2 d6 4. Nc3 Nf6 5. e3 Nc6 6. Nge2 0-0 7. 0-0 Bg4 8. f3 Be6 9. b3 d5 10. cxd5 Nxd5 11. Bb2 f5 12. d4 Nxe3 13. Qd2 Nxd4 14. Nxd4 Nxf1 15. Kxf1 Qxd4 16. Qxd4 Bxd4 17. Rc1 Rfd8 0-1